书目信息 |
| 题名: |
让云落地
|
|
| 作者: | 凯维斯 著 ;陈志伟 , 辛敏 译 | |
| 分册: | ||
| 出版信息: | 北京 电子工业出版社 2016 |
|
| 页数: | 21,253页 | |
| 开本: | 24cm | |
| 丛书名: | ||
| 单 册: | ||
| 中图分类: | TP393.02 | |
| 科图分类: | ||
| 主题词: | 云计算--yun ji suan--研究 | |
| 电子资源: | ||
| ISBN: | 978-7-121-27738-2 | |
| 000 | 01534nam0 2200301 450 | |
| 001 | 323429 | |
| 005 | 20160918124325.51 | |
| 010 | @a978-7-121-27738-2@b@dCNY65.00 | |
| 100 | @a20160301d2016 em y0chiy50 ea | |
| 101 | 1 | @achi@ceng |
| 102 | @aCN@b110000 | |
| 105 | @ay z 000yy | |
| 106 | @ar | |
| 200 | 1 | @a让云落地@Arang yun luo di@e云计算服务模式(SaaS、PaaS和IaaS)设计决策@d= Architecting the cloud@edesign decisions for cloud computing service models (SaaS、PaaS, and IaaS)@f(美)Michael J. Kavis著@F( mei )Michael J. Kavis zhu@g陈志伟,辛敏译@Gchen zhi wei xin min yi@zeng |
| 210 | @a北京@c电子工业出版社@d2016 | |
| 215 | @a21,253页@c@d24cm | |
| 305 | @a由美国John Wiley & Sons,Inc.公司授权出版 | |
| 330 | @a本书共有十六章,作者有意避开了那些产品或供应商相关的细节,侧重于架构师及架构涉及各方应当解决的各种挑战,或者说,如何以适当的解决方案来解决业务问题;通过对具体问题的分析和案例讲解,向读者提供了大量可供参考的设计决策,并对所有云架构中都必须应对的重点领域进行了强调说明。 | |
| 510 | 1 | @aArchitecting the cloud@edesign decisions for cloud computing service models (SaaS、PaaS, and IaaS)@zeng |
| 517 | 1 | @a云计算服务模式(SaaS、PaaS和IaaS)设计决策@Ayun ji suan fu wu mo shi(SaaS、PaaS he IaaS)she ji jue ce |
| 606 | 0 | @a云计算@Ayun ji suan@x研究 |
| 690 | @aTP393.02@v5 | |
| 701 | 1 | @c(美)@a凯维斯@Akai wei si@c(Kavis, Michael J.)@4著 |
| 702 | 0 | @a陈志伟@Achen zhi wei@4译 |
| 702 | 0 | @a辛敏@Axin min@4译 |
| 801 | 0 | @aCN@bMUSE@c20181206@g |
| 905 | @aBZT@dTP393.02@e4 | |
| 906 | @dCNY65.00@n3@r1 | |
| 让云落地:云计算服务模式(SaaS、PaaS和IaaS)设计决策= Architecting the cloud:design decisions for cloud computing service models (SaaS、PaaS, and IaaS)/(美)Michael J. Kavis著/陈志伟,辛敏译.-北京:电子工业出版社,2016 |
| 21,253页;24cm |
| ISBN 978-7-121-27738-2:CNY65.00 |
| 本书共有十六章,作者有意避开了那些产品或供应商相关的细节,侧重于架构师及架构涉及各方应当解决的各种挑战,或者说,如何以适当的解决方案来解决业务问题;通过对具体问题的分析和案例讲解,向读者提供了大量可供参考的设计决策,并对所有云架构中都必须应对的重点领域进行了强调说明。 |
| ● |
| 相关链接 |
|
|
|
正题名:让云落地
索取号:TP393.02/4
 
预约/预借
| 序号 | 登录号 | 条形码 | 馆藏地/架位号 | 状态 | 备注 |
| 1 | 858473 | 2000858473 | 第二书库/ [索取号:TP393.02/4] | 在馆 | |
| 2 | 858474 | 2000858474 | 第二书库/ [索取号:TP393.02/4] | 在馆 | |
| 3 | 858475 | 2000858475 | 第二书库/ [索取号:TP393.02/4] | 在馆 |